| 000 | 00614nam a2200205 a 4500 | ||
|---|---|---|---|
| 005 | 20230209063619.0 | ||
| 008 | 031105s1989 mx r 000 0 spa d | ||
| 020 | _a8425416558 | ||
| 035 | _aUPN01000130723 | ||
| 049 | _aCG | ||
| 050 | 4 |
_aQP82.2 N6 _bG8.7 |
|
| 100 | 1 | _aGuski, Rainer | |
| 245 | 1 | 3 |
_aEl ruido : _befectos de los sonidos no deseados / _cRainer Guski ; tr. Thema. |
| 260 |
_aBarcelona, Esp. : _bHerder, _c1989. |
||
| 300 | _a208 p. | ||
| 440 | 0 |
_aBiblioteca de psicología ; _v160 |
|
| 534 |
_pTraducción de: _tLarm wirkungen unerwünscher gerausche |
||
| 650 | 2 |
_aRuido _99256 |
|
| 905 | _aLibro | ||
| 999 |
_c102880 _d102880 |
||